[Event "Polar Capital Jersey Festival - Open Section"]
[Site "St Helier"]
[Date "2016.04.10"]
[Round "1"]
[Board "1"]
[White "HAGESATHER, Arne"]
[Black "HILLARP PERSSON, Tiger"]
[Result "1/2-1/2"]
[WhiteElo "2059"]
[BlackElo "2529"]
[PlyCount "47"]
[EventDate "2016.04.10"]
[EventRounds "9"]
[EventCountry "JCI"]

1. e4 c5 2. Nf3 e6 3. g3 Nc6 4. Bg2 Nf6 5. Qe2 Be7 6. O-O d5 7. e5 Nd7 8. c3 g5
9. d4 g4 10. Ne1 cxd4 11. cxd4 Nxd4 12. Qxg4 Nf5 13. Qa4 h5 14. Nc3 Kf8 15. Bf4
h4 16. g4 h3 17. gxf5 hxg2 18. Nxg2 Nb6 19. Qd4 exf5 20. e6 Bf6 21. Qc5+ Be7
22. Qd4 Bf6 23. Qc5+ Be7 24. Qd4 1/2-1/2

[Event "Polar Capital Jersey Festival - Open Section"]
[Site "St Helier"]
[Date "2016.04.10"]
[Round "1"]
[Board "2"]
[White "HEBDEN, Mark L"]
[Black "WOJCIECHOWSKI, Paul"]
[Result "1-0"]
[WhiteElo "2489"]
[BlackElo "2000"]
[PlyCount "35"]
[EventDate "2016.04.10"]
[EventRounds "9"]
[EventCountry "JCI"]

1. d4 Nf6 2. Bf4 g6 3. Nc3 d5 4. Qd2 Bg7 5. Bh6 O-O 6. Bxg7 Kxg7 7. e3 c5 8. f3
Nc6 9. g4 cxd4 10. exd4 Re8 11. O-O-O a6 12. Nge2 b5 13. g5 Nh5 14. Ng3 Nxg3
15. hxg3 b4 16. Ne2 a5 17. Nf4 Rb8 18. Bb5 1-0

[Event "Polar Capital Jersey Festival - Open Section"]
[Site "St Helier"]
[Date "2016.04.10"]
[Round "1"]
[Board "3"]
[White "FRENCH, Max"]
[Black "WILLIAMS, Simon K"]
[Result "0-1"]
[WhiteElo "1919"]
[BlackElo "2452"]
[PlyCount "78"]
[EventDate "2016.04.10"]
[EventRounds "9"]
[EventCountry "JCI"]

1. d4 e6 2. c4 b6 3. Nf3 Bb7 4. Nc3 Bb4 5. e3 Nf6 6. Bd3 Ne4 7. Qc2 f5 8. Bd2
Nxd2 9. Qxd2 O-O 10. Rc1 d6 11. a3 Bxc3 12. Rxc3 Nd7 13. Qe2 e5 14. dxe5 dxe5
15. e4 Nc5 16. Nd2 Qg5 17. O-O Rad8 18. f4 exf4 19. Nf3 Qg4 20. e5 Be4 21. Bc2
Qg6 22. b4 Ne6 23. c5 Kh8 24. cxb6 cxb6 25. Bb3 Bxf3 26. Qxf3 Nd4 27. Qf2 f3
28. Bc4 Rc8 29. Rfc1 Qg4 30. Bd3 Rxc3 31. Rxc3 fxg2 32. Ba6 b5 33. Re3 f4 34.
Rg3 Ne2+ 35. Kxg2 Nxg3 36. hxg3 Qe6 37. Qc5 f3+ 38. Kf1 Qh3+ 39. Kf2 Qg2+ 0-1

[Event "Polar Capital Jersey Festival - Open Section"]
[Site "St Helier"]
[Date "2016.04.10"]
[Round "1"]
[Board "4"]
[White "HOUSKA, Jovanka"]
[Black "KAHN, Tito"]
[Result "1-0"]
[WhiteElo "2376"]
[BlackElo "1917"]
[PlyCount "63"]
[EventDate "2016.04.10"]
[EventRounds "9"]
[EventCountry "JCI"]

1. d4 Nf6 2. Nf3 e6 3. c4 Bb4+ 4. Bd2 a5 5. g3 O-O 6. Bg2 d6 7. O-O Nbd7 8. Bc1
a4 9. a3 Ba5 10. Qxa4 c5 11. Qc2 Re8 12. Nc3 Bxc3 13. Qxc3 Ne4 14. Qc2 f5 15.
dxc5 dxc5 16. b3 b6 17. Ng5 Ndf6 18. Nxe4 Nxe4 19. Bxe4 fxe4 20. Qxe4 Ra7 21.
Bb2 Rd7 22. Qe5 Ree7 23. Bc3 Bb7 24. a4 Qc8 25. f3 Qd8 26. a5 bxa5 27. Rxa5 Rd1
28. Ra1 Rxf1+ 29. Kxf1 Qb6 30. Qb8+ Kf7 31. Ra8 Kg6 32. Qd8 1-0

[Event "Polar Capital Jersey Festival - Open Section"]
[Site "St Helier"]
[Date "2016.04.10"]
[Round "1"]
[Board "6"]
[White "L'AMI, Alina"]
[Black "BAKKER, Joop"]
[Result "1-0"]
[WhiteElo "2348"]
[BlackElo "1907"]
[PlyCount "31"]
[EventDate "2016.04.10"]
[EventRounds "9"]
[EventCountry "JCI"]

1. d4 d5 2. c4 Bf5 3. cxd5 Bxb1 4. Rxb1 Qxd5 5. Qa4+ Nc6 6. e3 e5 7. b4 O-O-O
8. Nf3 exd4 9. Bb5 dxe3 10. Bxc6 exf2+ 11. Kxf2 bxc6 12. Qa6+ Kd7 13. Bg5 Bd6
14. Rbd1 Qb5 15. Rxd6+ cxd6 16. Qxa7+ 1-0

[Event "Polar Capital Jersey Festival - Open Section"]
[Site "St Helier"]
[Date "2016.04.11"]
[Round "2"]
[Board "1"]
[White "WEBB, Laurence E"]
[Black "HEBDEN, Mark L"]
[Result "0-1"]
[WhiteElo "2272"]
[BlackElo "2489"]
[PlyCount "111"]
[EventDate "2016.04.10"]
[EventRounds "9"]
[EventCountry "JCI"]

1. e4 e5 2. Nf3 Nc6 3. c3 d5 4. Qa4 Qd6 5. Bb5 Nge7 6. exd5 Qxd5 7. d4 Bd7 8.
O-O exd4 9. cxd4 Ne5 10. Bxd7+ Qxd7 11. Qxd7+ Nxd7 12. Nc3 f6 13. Bf4 c6 14. d5
Nxd5 15. Nxd5 cxd5 16. Rfd1 Nb6 17. Rac1 Rd8 18. Nd4 Rd7 19. b3 Kf7 20. Rc7
Rxc7 21. Bxc7 Bc5 22. Nb5 Ke6 23. b4 Bxb4 24. Bxb6 axb6 25. Nc7+ Kf7 26. Rxd5
Be7 27. Kf1 Rc8 28. Rd7 Rd8 29. Rxd8 Bxd8 30. Nb5 Ke6 31. Ke2 Kd5 32. Kd3 f5
33. Nd4 g6 34. f3 Bf6 35. Nb3 h5 36. f4 b5 37. Na5 Bd4 38. Nb3 Bg1 39. h3 Bh2
40. Ke3 h4 41. Nd2 Bg3 42. Nf3 b4 43. Kd3 b5 44. Kc2 Ke4 45. Kb3 Kxf4 46. Kxb4
Bf2 47. Kxb5 Kg3 48. Kc4 Kxg2 49. Ng5 Be3 50. Ne6 Kxh3 51. Kd3 Bb6 52. Nf4+ Kg3
53. Nxg6 h3 54. Ne7 h2 55. Nxf5+ Kf4 56. Kc2 0-1

[Event "Polar Capital Jersey Festival - Open Section"]
[Site "St Helier"]
[Date "2016.04.11"]
[Round "2"]
[Board "2"]
[White "WILLIAMS, Simon K"]
[Black "L'AMI, Alina"]
[Result "1-0"]
[WhiteElo "2452"]
[BlackElo "2348"]
[PlyCount "67"]
[EventDate "2016.04.10"]
[EventRounds "9"]
[EventCountry "JCI"]

1. d4 Nf6 2. Bg5 c5 3. d5 d6 4. Nc3 Nbd7 5. e4 a6 6. a4 g6 7. Nf3 Bg7 8. Be2 h6
9. Bf4 g5 10. Bc1 Rb8 11. O-O Qc7 12. Kh1 c4 13. a5 b5 14. axb6 Rxb6 15. Ra4
Nc5 16. Rxc4 a5 17. e5 Ng4 18. e6 f5 19. Nd4 O-O 20. Nxf5 Ne5 21. Nxg7 Nxc4 22.
Bxc4 Kxg7 23. Be3 Ba6 24. Bd4+ Kg8 25. Qh5 Kh7 26. Bxa6 Rxa6 27. Qe2 Raa8 28.
Ne4 Rf4 29. Nxg5+ Kg6 30. Nf3 Raf8 31. c4 R8f5 32. Be3 Re4 33. Nd2 Ree5 34. f4
 1-0

[Event "Polar Capital Jersey Festival - Open Section"]
[Site "St Helier"]
[Date "2016.04.11"]
[Round "2"]
[Board "3"]
[White "BYRON, Alan M"]
[Black "HOUSKA, Jovanka"]
[Result "0-1"]
[WhiteElo "2124"]
[BlackElo "2376"]
[PlyCount "120"]
[EventDate "2016.04.10"]
[EventRounds "9"]
[EventCountry "JCI"]

1. e4 c6 2. Nc3 d5 3. Nf3 Bg4 4. h3 Bh5 5. exd5 cxd5 6. Bb5+ Nc6 7. g4 Bg6 8.
Ne5 Rc8 9. d4 e6 10. Qe2 Bb4 11. h4 Nge7 12. h5 Be4 13. f3 O-O 14. Nxc6 Nxc6
15. Be3 Qa5 16. O-O Bxc3 17. bxc3 Qxc3 18. fxe4 Nxd4 19. Bxd4 Qxd4+ 20. Kh1
dxe4 21. Rad1 Qb2 22. Bc4 Qc3 23. Bb3 Qh3+ 24. Kg1 Rc3 25. Rf2 Re3 26. Rh2 Qg3+
27. Rg2 Qf4 28. Qd2 h6 29. Re1 Rxe1+ 30. Qxe1 Rd8 31. Qg3 Rd1+ 32. Kh2 Qf1 33.
Kh3 Rd2 34. Bc4 Qd1 35. Rxd2 Qxd2 36. Qb3 Qf2 37. Bxe6 Qf1+ 38. Kh2 Qf4+ 39.
Kh3 Qf1+ 40. Kh2 Qf4+ 41. Kh3 fxe6 42. Qxe6+ Kh7 43. Qg6+ Kg8 44. Qe8+ Qf8 45.
Qxe4 Qa3+ 46. Kg2 Qxa2 47. Qe8+ Kh7 48. Qg6+ Kh8 49. Qe8+ Qg8 50. Qe5 Qc8 51.
Qe2 a5 52. Kg3 Qc7+ 53. Kh3 Qc6 54. Qd3 Qc8 55. Qe4 b5 56. Kg2 a4 57. g5 hxg5
58. h6 gxh6 59. Qe5+ Kg8 60. Qd5+ Kg7 0-1

[Event "Polar Capital Jersey Festival - Open Section"]
[Site "St Helier"]
[Date "2016.04.11"]
[Round "2"]
[Board "4"]
[White "MERRY, Alan B"]
[Black "HOUSE, Glenn L"]
[Result "1/2-1/2"]
[WhiteElo "2375"]
[BlackElo "2213"]
[PlyCount "83"]
[EventDate "2016.04.10"]
[EventRounds "9"]
[EventCountry "JCI"]

1. e4 c5 2. Nf3 e6 3. c4 a6 4. Nc3 d6 5. d4 cxd4 6. Nxd4 b6 7. Be2 Bb7 8. O-O
Nf6 9. f3 Nbd7 10. Be3 Be7 11. a4 O-O 12. a5 bxa5 13. Nb3 Qc7 14. Nxa5 Rfb8 15.
Nxb7 Qxb7 16. Ra2 Qc6 17. Qa4 Qxa4 18. Nxa4 Kf8 19. Bd2 d5 20. exd5 exd5 21.
Rc1 dxc4 22. Rxc4 Nd5 23. Rd4 N7f6 24. Kf1 a5 25. Ra1 Bb4 26. Nc3 Ne7 27. Bf4
Rd8 28. Rad1 Rxd4 29. Rxd4 h6 30. Na2 Bc5 31. Rc4 Nfd5 32. Rxc5 Nxf4 33. Bc4
Rc8 34. Rxc8+ Nxc8 35. g3 Nb6 36. Bb5 Ne6 37. Kf2 Nd4 38. Bd3 Ke7 39. Ke3 Ne6
40. Nc3 Kd6 41. Ne4+ Kc6 42. f4 1/2-1/2

[Event "Polar Capital Jersey Festival - Open Section"]
[Site "St Helier"]
[Date "2016.04.11"]
[Round "2"]
[Board "10"]
[White "BAKKER, Joop"]
[Black "PITCHER, Thomas"]
[Result "0-1"]
[WhiteElo "1907"]
[BlackElo "1723"]
[PlyCount "78"]
[EventDate "2016.04.10"]
[EventRounds "9"]
[EventCountry "JCI"]

1. d4 d5 2. Nc3 c6 3. Bg5 Nf6 4. Bxf6 gxf6 5. e4 dxe4 6. Nxe4 Bf5 7. Ng3 Bg6 8.
Nf3 e6 9. h4 h5 10. Bd3 Bxd3 11. Qxd3 Nd7 12. O-O-O Qa5 13. Kb1 O-O-O 14. Rhe1
Be7 15. Nd2 Ne5 16. Qe4 Ng4 17. Nb3 Qc7 18. Qe2 Qf4 19. Nh1 f5 20. g3 Qc7 21.
Rd3 a5 22. Red1 a4 23. Nc5 Qa5 24. f3 Nf6 25. Qe5 Rd5 26. Qe3 Bxc5 27. dxc5
Qxc5 28. Qxc5 Rxc5 29. Nf2 Rg8 30. f4 Ne4 31. Nh3 f6 32. Rg1 Rd5 33. Kc1 Kc7
34. Ra3 b5 35. Rf3 Rd2 36. Re3 Rh2 37. Ng5 fxg5 38. hxg5 Rd8 39. c4 b4 0-1

[Event "Polar Capital Jersey Festival - Open Section"]
[Site "St Helier"]
[Date "2016.04.11"]
[Round "3"]
[Board "1"]
[White "HEBDEN, Mark L"]
[Black "WILLIAMS, Simon K"]
[Result "0-1"]
[WhiteElo "2489"]
[BlackElo "2452"]
[PlyCount "96"]
[EventDate "2016.04.10"]
[EventRounds "9"]
[EventCountry "JCI"]

1. d4 e6 2. Nf3 f5 3. g3 Nf6 4. Bg2 g6 5. O-O Bg7 6. c4 O-O 7. Nc3 d6 8. Re1
Ne4 9. Qc2 Nxc3 10. bxc3 e5 11. dxe5 dxe5 12. Ba3 Re8 13. e4 Nc6 14. Rad1 Qf6
15. exf5 Bxf5 16. Qb3 Bg4 17. Rd3 e4 18. Rde3 Bh6 19. Nd4 Bxe3 20. fxe3 Ne5 21.
Bxe4 Bh3 22. Bg2 Bxg2 23. Kxg2 Ng4 24. c5+ Kh8 25. Qxb7 Qf2+ 26. Kh3 Qxh2+ 27.
Kxg4 Qh5+ 28. Kf4 g5+ 29. Kf5 g4+ 30. Kf4 Qe5+ 31. Kxg4 Rg8+ 32. Kf3 Rab8 33.
Qxb8 Qxg3+ 34. Ke2 Qg2+ 35. Kd3 Rxb8 36. c6 Re8 37. Bc5 Qd5 38. Bb4 a5 39. e4
Qxa2 40. Bc5 Qf2 41. Re3 Re5 42. Ba7 Qf1+ 43. Ne2 Qb1+ 44. Kd4 Re8 45. Nf4 Qd1+
46. Kc4 Qf1+ 47. Nd3 Qf7+ 48. Kd4 Rd8+ 0-1

[Event "Polar Capital Jersey Festival - Open Section"]
[Site "St Helier"]
[Date "2016.04.11"]
[Round "3"]
[Board "2"]
[White "HOUSKA, Jovanka"]
[Black "HILLARP PERSSON, Tiger"]
[Result "1/2-1/2"]
[WhiteElo "2376"]
[BlackElo "2529"]
[PlyCount "111"]
[EventDate "2016.04.10"]
[EventRounds "9"]
[EventCountry "JCI"]

1. d4 Nf6 2. Nf3 e6 3. c4 c5 4. d5 d6 5. Nc3 exd5 6. cxd5 g6 7. Nd2 Nbd7 8. e4
Bg7 9. Be2 O-O 10. O-O Re8 11. h3 a6 12. a4 Rb8 13. a5 Qc7 14. Qc2 b5 15. axb6
Nxb6 16. Re1 Nfd7 17. Ra2 c4 18. Na4 Nxa4 19. Qxa4 c3 20. bxc3 Qd8 21. Ba3 Nb6
22. Qc2 f5 23. c4 Rb7 24. Bd3 Rf7 25. Bb2 Nd7 26. Bxg7 Kxg7 27. Qc3+ Qf6 28.
Qxf6+ Kxf6 29. Bc2 Nc5 30. Re3 Rb7 31. exf5 Rxe3 32. fxe3 gxf5 33. Kf2 h6 34.
Kf3 Ke5 35. Ke2 Rg7 36. Nf3+ Kf6 37. Ne1 Ke5 38. Nf3+ Kf6 39. Ne1 Ke5 40. Rb2
Rb7 41. Rxb7 Bxb7 42. Nd3+ Nxd3 43. Kxd3 Bc8 44. Ba4 f4 45. exf4+ Kxf4 46. c5
dxc5 47. d6 Kg3 48. Bc6 a5 49. Kc4 a4 50. Bf3 Be6+ 51. Kc3 Bd7 52. Bg4 Bb5 53.
Be2 Be8 54. Bh5 Bb5 55. Be2 Be8 56. Bh5 1/2-1/2

[Event "Polar Capital Jersey Festival - Open Section"]
[Site "St Helier"]
[Date "2016.04.11"]
[Round "3"]
[Board "3"]
[White "HOUSE, Glenn L"]
[Black "BELZO, Krzysztof"]
[Result "1-0"]
[WhiteElo "2213"]
[BlackElo "2047"]
[PlyCount "107"]
[EventDate "2016.04.10"]
[EventRounds "9"]
[EventCountry "JCI"]

1. Nf3 c5 2. g3 Nc6 3. Bg2 d5 4. O-O Nf6 5. d3 g6 6. Nc3 Bg7 7. a3 O-O 8. Rb1
d4 9. Na4 Qd6 10. c4 dxc3 11. Nxc3 e5 12. Ng5 Nd4 13. e3 Ne6 14. Nge4 Qa6 15.
b4 Nxe4 16. dxe4 c4 17. Qc2 b5 18. a4 Bd7 19. Rd1 Rfd8 20. Bd2 Qb7 21. axb5
Bxb5 22. Nxb5 Qxb5 23. Bc3 Nc7 24. Bf1 Na6 25. Be1 Rxd1 26. Rxd1 Nxb4 27. Qxc4
Qxc4 28. Bxc4 Nc6 29. Rd7 Nd8 30. Bd5 Rc8 31. Rxa7 Rc1 32. Kf1 Bf8 33. Ke2 Ne6
34. Bxe6 fxe6 35. Bd2 Rc2 36. Kd3 Rb2 37. h4 Bc5 38. Rc7 Bf8 39. Rc2 Rb3+ 40.
Bc3 Bd6 41. Kc4 Ra3 42. Rd2 Bc7 43. Rd7 Ra4+ 44. Kb3 Ra7 45. Bxe5 Bb6 46. Rxa7
Bxa7 47. Kc4 Bb6 48. Kb5 Bd8 49. Bc3 Kf7 50. Kc6 g5 51. hxg5 Bxg5 52. f4 Be7
53. g4 h6 54. Kd7 1-0

[Event "Polar Capital Jersey Festival - Open Section"]
[Site "St Helier"]
[Date "2016.04.11"]
[Round "3"]
[Board "7"]
[White "KLINGHER, Dominic"]
[Black "HICKMAN, John E"]
[Result "1-0"]
[WhiteElo "2101"]
[BlackElo "1901"]
[PlyCount "63"]
[EventDate "2016.04.10"]
[EventRounds "9"]
[EventCountry "JCI"]

1. e4 d6 2. d4 Nf6 3. Nc3 g6 4. Be3 c6 5. f3 b5 6. Qd2 Nbd7 7. g4 Nb6 8. h4 Qc7
9. Nh3 Bb7 10. Be2 a6 11. O-O Bg7 12. Bh6 O-O 13. Kg2 b4 14. Nd1 c5 15. d5 e6
16. h5 exd5 17. Qg5 Bxh6 18. Qxh6 dxe4 19. Ng5 Rae8 20. Kh3 exf3 21. Bxf3 Bxf3
22. Rxf3 Nbd5 23. c4 Qd7 24. Nf2 Re3 25. cxd5 Rxf3+ 26. Nxf3 Nxh5 27. Ng5 Nf6
28. Rg1 Re8 29. Rg3 Qb5 30. Rf3 Qf1+ 31. Kh4 Re1 32. Rxf6 1-0

[Event "Polar Capital Jersey Festival - Open Section"]
[Site "St Helier"]
[Date "2016.04.12"]
[Round "4"]
[Board "7"]
[White "BELZO, Krzysztof"]
[Black "ANDERSEN, Niels Erik"]
[Result "1-0"]
[WhiteElo "2047"]
[BlackElo "1910"]
[PlyCount "41"]
[EventDate "2016.04.10"]
[EventRounds "9"]
[EventCountry "JCI"]

1. c4 c5 2. Nc3 g6 3. Nf3 Bg7 4. d4 cxd4 5. Nxd4 Nc6 6. Nc2 Nf6 7. g3 O-O 8.
Bg2 d6 9. O-O Be6 10. b3 Qd7 11. Re1 Bh3 12. Bh1 Ne4 13. Nxe4 Bxa1 14. Nxa1 Bf5
15. Nc2 Rfd8 16. Ne3 Rac8 17. Nd5 Qe6 18. Ng5 Qe5 19. Qd2 Qg7 20. Bb2 Qh6 21.
Nxe7+ 1-0

[Event "Polar Capital Jersey Festival - Open Section"]
[Site "St Helier"]
[Date "2016.04.12"]
[Round "4"]
[Board "10"]
[White "WOJCIECHOWSKI, Paul"]
[Black "PITCHER, Thomas"]
[Result "0-1"]
[WhiteElo "2000"]
[BlackElo "1723"]
[PlyCount "44"]
[EventDate "2016.04.10"]
[EventRounds "9"]
[EventCountry "JCI"]

1. e4 c6 2. d4 d5 3. Nc3 dxe4 4. Nxe4 Nf6 5. Nxf6+ gxf6 6. Bf4 Qb6 7. b3 e5 8.
dxe5 fxe5 9. Bd2 Bc5 10. Qe2 Be6 11. Nf3 Nd7 12. Ng5 O-O-O 13. Nxe6 fxe6 14. f3
Ba3 15. g3 Nc5 16. Qxe5 Rhf8 17. Be2 Rd5 18. Qg7 Ne4 19. Qxf8+ Bxf8 20. fxe4
Rxd2 21. Kxd2 Qd4+ 22. Bd3 Bh6+ 0-1

[Event "Polar Capital Jersey Festival - Open Section"]
[Site "St Helier"]
[Date "2016.04.13"]
[Round "5"]
[Board "1"]
[White "HOUSKA, Jovanka"]
[Black "WEBB, Laurence E"]
[Result "1-0"]
[WhiteElo "2376"]
[BlackElo "2272"]
[PlyCount "77"]
[EventDate "2016.04.10"]
[EventRounds "9"]
[EventCountry "JCI"]

1. d4 Nf6 2. Nf3 e6 3. c4 Bb4+ 4. Bd2 Bxd2+ 5. Qxd2 d6 6. Nc3 O-O 7. g3 Nc6 8.
Bg2 e5 9. O-O Bg4 10. d5 Bxf3 11. Bxf3 Ne7 12. Bg2 a5 13. b3 Nd7 14. e4 Nc5 15.
Bh3 f5 16. f4 exf4 17. exf5 Nxf5 18. Rxf4 g6 19. Bxf5 gxf5 20. Raf1 Qd7 21. Nb5
Rf7 22. Nd4 Raf8 23. Qc2 c6 24. Nxf5 Rf6 25. Nh6+ Kg7 26. Qc3 Qd8 27. Ng4 Nd7
28. Nxf6 Rxf6 29. Rxf6 Nxf6 30. dxc6 bxc6 31. g4 Kg6 32. Qd3+ Kg7 33. Qd4 Kg6
34. h4 h6 35. h5+ Kg7 36. c5 d5 37. Qe5 Qf8 38. g5 Qxc5+ 39. Kh1 1-0

[Event "Polar Capital Jersey Festival - Open Section"]
[Site "St Helier"]
[Date "2016.04.13"]
[Round "5"]
[Board "3"]
[White "HEBDEN, Mark L"]
[Black "HOUSE, Glenn L"]
[Result "1-0"]
[WhiteElo "2489"]
[BlackElo "2213"]
[PlyCount "67"]
[EventDate "2016.04.10"]
[EventRounds "9"]
[EventCountry "JCI"]

1. d4 Nf6 2. Nf3 e6 3. Bg5 c5 4. e3 b6 5. d5 h6 6. Bxf6 Qxf6 7. Nc3 g5 8. Nd2
Bb7 9. Nc4 exd5 10. Nxd5 Bxd5 11. Qxd5 Nc6 12. Be2 Qe6 13. Bf3 Rc8 14. O-O-O
Be7 15. c3 Qxd5 16. Rxd5 h5 17. Rhd1 Nb8 18. a4 Rh6 19. Be4 Rc7 20. f4 gxf4 21.
exf4 h4 22. Bf5 Rf6 23. Ne3 Rcc6 24. g3 hxg3 25. hxg3 Rfd6 26. Re1 Kd8 27. Rh1
Rh6 28. Rhd1 Rcd6 29. Rxd6 Bxd6 30. Ng4 Rh5 31. Rxd6 Rxf5 32. Rh6 c4 33. Ne5
Kc7 34. Nxc4 1-0

[Event "Polar Capital Jersey Festival - Open Section"]
[Site "St Helier"]
[Date "2016.04.14"]
[Round "7"]
[Board "2"]
[White "WILLIAMS, Simon K"]
[Black "WEBB, Laurence E"]
[Result "1-0"]
[WhiteElo "2452"]
[BlackElo "2272"]
[PlyCount "89"]
[EventDate "2016.04.10"]
[EventRounds "9"]
[EventCountry "JCI"]

1. d4 Nf6 2. Nf3 e6 3. c4 Bb4+ 4. Nbd2 b6 5. g3 Bb7 6. Bg2 O-O 7. O-O d5 8.
cxd5 exd5 9. Ne5 Nbd7 10. Qa4 Bxd2 11. Nxd7 Qxd7 12. Qxd7 Nxd7 13. Bxd2 Rfe8
14. e3 a5 15. Rac1 c6 16. Rc3 Nf6 17. f3 a4 18. Rfc1 Red8 19. Bf1 Nd7 20. R3c2
Nf8 21. Kf2 Ne6 22. Bb4 f5 23. Bd3 g6 24. h4 Kf7 25. h5 Rac8 26. Rh1 Kg7 27.
Rcc1 c5 28. Bc3 cxd4 29. exd4 Re8 30. a3 Bc6 31. Bb4 Bd7 32. Rxc8 Rxc8 33. Bd6
h6 34. Be5+ Kh7 35. g4 Ng5 36. hxg6+ Kxg6 37. Ke3 Rf8 38. Rc1 Rf7 39. Rc7 Be6
40. Rc6 Kh7 41. Rxb6 Bd7 42. Rd6 Kg8 43. Rg6+ Kf8 44. Bd6+ Ke8 45. Rg8+ 1-0

[Event "Polar Capital Jersey Festival - Open Section"]
[Site "St Helier"]
[Date "2016.04.14"]
[Round "7"]
[Board "3"]
[White "HOUSKA, Jovanka"]
[Black "MERRY, Alan B"]
[Result "1/2-1/2"]
[WhiteElo "2376"]
[BlackElo "2375"]
[PlyCount "135"]
[EventDate "2016.04.10"]
[EventRounds "9"]
[EventCountry "JCI"]

1. d4 Nf6 2. Nf3 c5 3. e3 cxd4 4. exd4 d5 5. Bd3 Bg4 6. c3 Nc6 7. O-O e6 8. Bg5
Be7 9. Nbd2 Bh5 10. Qb3 Qc8 11. Ne5 O-O 12. f4 Bg6 13. Bxg6 hxg6 14. Rae1 Re8
15. Qd1 Nh7 16. Nxc6 Qxc6 17. Bxe7 Rxe7 18. f5 gxf5 19. Rxf5 exf5 20. Rxe7 Nf6
21. Qf3 g6 22. h3 Re8 23. Rxe8+ Qxe8 24. Qf4 Qe2 25. b3 Qd3 26. c4 dxc4 27.
bxc4 Ne4 28. Qb8+ Kh7 29. Nf3 Qxc4 30. Qxb7 Qxa2 31. Kh2 Kg7 32. Ne5 Nf6 33.
Qc7 a5 34. Nd7 Qd5 35. Nxf6 Kxf6 36. Qb6+ Kg5 37. Qc7 a4 38. Qe7+ Kf4 39. Qh4+
Ke3 40. Qe1+ Kxd4 41. Qd1+ Ke5 42. Qxa4 f4 43. Qe8+ Kf5 44. Qc8+ Qe6 45. Qb7
Kf6 46. Kh1 Qe1+ 47. Kh2 Qg3+ 48. Kh1 Qe1+ 49. Kh2 Qe5 50. Qc6+ Kg5 51. Qf3 f5
52. Kh1 Qe3 53. Qc6 Qe1+ 54. Kh2 Qg3+ 55. Kg1 f3 56. Qxf3 Qxf3 57. gxf3 Kf4 58.
Kf2 g5 59. Kg2 Ke3 60. Kg3 f4+ 61. Kg4 Kf2 62. Kxg5 Kxf3 63. h4 Ke4 64. h5 f3
65. h6 f2 66. h7 f1=Q 67. h8=Q Qg1+ 68. Kh6 {Ke5} 1/2-1/2